000 00414nam a2200133 4500
999 _c512243
_d512243
008 191115b ||||| |||| 00| 0 eng d
100 _aVirmani, Swati
_913260
245 _aAre technology transfers skill biased?
260 _bIndian Journal of Labour Economics
300 _a62(2), Apr-Jun, 2019: p.239-263.
773 _aIndian Journal of Labour Economics
906 _aTechnology transfer
942 _2ddc
_cAR